000 00862npm a2200241 i 4500
001 5053
003 ES-MaACL
005 20250629063117.0
007 hzrazu bucu
008 890404r19891816sp a 00010 spa d
080 _a8.08
080 _a7.01
100 1 _aBlair, Hugh,
_d1718-1800
_9147920
245 1 0 _aLecciones sobre la Retorica y las Bellas Artes
_b: [Microforma].
260 _aMadrid :
_bAteneo Cientifico, Literario y Artistico,
_c1989.
300 _a4 microfichas :
_bnegativo, il.
500 _aPublicado originalmente: Madrid, Ibarra, 1816-1817, (3a ed.) en 4 v.
505 8 _aMicroficha n. 1: Tomo I -- Microficha n. 2: Tomo II -- Microficha n. 3: Tomo III -- Microficha n. 4: Tomo IV
650 1 4 _aObras de 1800.
_915662
852 _aES-MaACL
_jMCF-2
_95170
_cDEPO1
942 _2udc
_cMICROFORMA
999 _c5053
_d5053